Soccer Players Everyone should know - Statistics

General Stats
  • This quiz has been taken 96 times
  • The average score is 21 of 25
Answer Stats
Teams Time Other Answer % Correct
Manchester United, Real Madrid,Juventus, Al-Nassr, Portugal 2002-Present All time leader in Goals Cristiano Ronaldo
100%
Santos, Barcelona, PSG, Al-Hilal, Brazil 2009-Present There's speculation as to his full potential if not limited by injury Neymar
100%
PSV, Barcelona, Inter Milan, Real Madrid, Brazil 1993-2011 Namesake of the horrible R9Haircut Ronaldo Nazario
100%
Barcelona, PSG, Inter Miami, Argentina 2003-Present All time leader in G/A Lionel Messi
99%
Monaco, PSG, Real Madrid, France 2015-Present "Ninja Turtle" Kylian Mbappé
98%
Santos, New York Cosmos, Brazil 1956-1977 Only player to have 3 World Cups Pelé
95%
Argentinos Juniors, Boca Juniors,Napoli, Barcelona, Argentina 1976-1997 Known for his 'Hand of God' goal at the 1986 World Cup Diego Maradona
91%
Ajax, Inter Milan, AC Milan, PSG,Sweden 1999-2023 Played for 9 Clubs Zlatan Ibrahimovic
91%
Ajax, Liverpool, Barcelona, Inter Miami, Uruguay 2005-Present Part of legendary 'MSN' trio, known for biting incidents Luis Suarez
89%
Dinamo Zagrerb, Zrinjski Mostar, Tottenham, Real Madrid, Croatia 2003-Present Only one except Messi/CR7 towin Ballon D'or between 2008-21 Luka Modric
87%
Cannes, Bordeaux, Juventus, Real Madrid, France 1989-2006 Managed Real Madrid to 3 straight UCLS from 2016-2018 Zinedine Zidane
87%
Gremio, PSG, Barcelona, AC Milan, Brazil 1998-2015 Revolutionized Brazilian Flair & Trickery, Loved by Fans Ronaldinho
85%
Southampton, Tottenham, Real Madrid, LAFC, Wales 2006-2023 Dual Sport Athlete, having played in the PGA Tour (Golf) Gareth Bale
84%
Manchester United, Real Madrid, LA Galaxy, AC Milan, England 1992-2013 Known for ability to "bend" the ball and relationship w/ Posh Spice David Beckham
82%
Lech Poznan, Dortmund, Bayern Munich, Barcelona, Poland 2005-Present Only player to score 5 goals in 9 minutes Robert Lewandowski
80%
Monaco, Arsenal, Barcelona, New York Red Bulls, France 1994-2014 Pundit for Sky Sports Thierry Henry
79%
Tottenham, Millwall, Leicester City, Bayern Munich, England 2010-Present All time Premier League leadingscorer Harry Kane
78%
Schalke, Bayern Munich, Germany 2004-Present Invented 'Sweeper Keeper', where GK plays like a Defender Manuel Neuer
78%
Everton, Manchester United, DC United, Derby County, England 2002-2021 Led Man Utd to 5 Premier Leagues and is their best player Wayne Rooney
78%
Parma, Juventus, PSG, Italy 1995-2023 Known for his loyalty to Juventus, even through relegation Gianluigi Buffon
72%
AC Milan, Italy 1984-2009 "If I have to make a tackle, I’ve already made a mistake" Paolo Maldini
71%
Manchester United, Fulham, Los Angeles Aztecs, San Jose Quakes, Northern Ireland 1963-1984 Some might consider him the "Best" George Best
68%
Ajax, Barcelona, Los Angeles Aztecs, Feyenoord, Netherlands 1964-1984 Won European Player of the Century in 1999 Johan Cruyff
68%
Sao Paulo, AC Milan, Real Madrid, Orlando City, Brazil 2000-2017 Only player to beat Messi and CR7 in Ballon D'Or Top 3 voting Kaká
67%
River Plate, Real Madrid, Espanyol, Argentina, Spain 1945-1966 Only player to lead a team to 5 straight European Championships Alfredo di Stefano
45%
No matching quizzes found
Score Distribution
Percent of People with Each Score
Percentile by Number Answered
Your Score History
You have not taken this quiz